Dutch municipalities in order of inhabitants - Statistics

General Stats
  • This quiz has been taken 80 times
  • The average score is 54 of 345
Answer Stats
Inhabitants Province Municipality % Correct
218.096 Flevoland Almere
100%
905.234 Noord-Holland Amsterdam
100%
552.995 Zuid-Holland Den Haag
100%
238.479 Noord-Brabant Eindhoven
100%
234.649 Groningen Groningen
100%
656.050 Zuid-Holland Rotterdam
100%
361.924 Utrecht Utrecht
100%
184.716 Noord-Brabant Breda
97%
224.702 Noord-Brabant Tilburg
97%
179.073 Gelderland Nijmegen
94%
162.914 Noord-Holland Haarlem
91%
158.712 Utrecht Amersfoort
88%
165.648 Gelderland Apeldoorn
88%
164.096 Gelderland Arnhem
88%
160.383 Overijssel Enschede
88%
130.872 Overijssel Zwolle
84%
125.542 Friesland Leeuwarden
81%
157.215 Noord-Holland Zaanstad
81%
159.346 Noord-Holland Haarlemmermeer
78%
120.837 Limburg Maastricht
75%
120.037 Gelderland Ede
72%
125.167 Zuid-Holland Leiden
69%
156.599 Noord-Brabant 's-Hertogenbosch
69%
119.579 Zuid-Holland Dordrecht
66%
125.867 Zuid-Holland Zoetermeer
66%
102.176 Limburg Venlo
56%
107.902 Drenthe Emmen
53%
93.401 Noord-Brabant Oss
50%
110.785 Noord-Holland Alkmaar
44%
112.913 Zuid-Holland Alphen aan den Rijn
44%
101.440 Overijssel Deventer
44%
93.525 Noord-Brabant Helmond
44%
104.468 Zuid-Holland Delft
41%
91.799 Noord-Holland Hilversum
41%
92.412 Noord-Holland Purmerend
41%
91.760 Limburg Sittard-Geleen
41%
92.351 Noord-Holland Amstelveen
38%
112.559 Zuid-Holland Westland
38%
69.042 Drenthe Assen
31%
86.874 Limburg Heerlen
31%
81.208 Flevoland Lelystad
31%
90.331 Friesland Súdwest-Fryslân
31%
81.463 Overijssel Hengelo
28%
73.175 Overijssel Almelo
25%
74.165 Zuid-Holland Gouda
25%
61.841 Overijssel Hardenberg
25%
49.214 Zeeland Middelburg
25%
64.534 Utrecht Nieuwegein
25%
67.748 Utrecht Veenendaal
25%
74.118 Zuid-Holland Vlaardingen
25%
66.046 Utrecht Zeist
25%
3.743 Friesland Ameland
22%
67.938 Noord-Brabant Bergen op Zoom
22%
22.573 Bonaire
22%
42.936 Flevoland Dronten
22%
51.136 Friesland Heerenveen
22%
90.780 Noord-Brabant Land van Cuijk
22%
82.672 Noord-Brabant Meierijstad
22%
33.677 Drenthe Midden-Drenthe
22%
60.865 Groningen Midden-Groningen
22%
59.142 Limburg Roermond
22%
77.182 Noord-Brabant Roosendaal
22%
1.911 Saba
22%
79.745 Zuid-Holland Schiedam
22%
943 Friesland Schiermonnikoog
22%
3.242 Sint Eustatius
22%
55.863 Friesland Smallingerland
22%
54.555 Zeeland Terneuzen
22%
4.934 Friesland Terschelling
22%
21.467 Flevoland Urk
22%
1.197 Friesland Vlieland
22%
23.417 Flevoland Zeewolde
22%
60.617 Gelderland Barneveld
19%
35.466 Drenthe Coevorden
19%
58.552 Gelderland Doetinchem
19%
38.998 Zeeland Goes
19%
88.742 Zuid-Holland Hoeksche Waard
19%
74.331 Noord-Holland Hoorn
19%
34.779 Drenthe Meppel
19%
86.292 Zuid-Holland Nissewaard
19%
48.119 Flevoland Noordoostpolder
19%
5.642 Utrecht Renswoude
19%
1.753 Gelderland Rozendaal
19%
65.235 Utrecht Stichtse Vecht
19%
68.507 Noord-Holland Velsen
19%
44.534 Zeeland Vlissingen
19%
64.345 Groningen Westerkwartier
19%
52.918 Utrecht Woerden
19%
22.840 Zeeland Borsele
16%
67.255 Zuid-Holland Capelle aan den IJssel
16%
51.604 Friesland De Friese Meren
16%
24.498 Drenthe De Wolden
16%
45.559 Groningen Eemsdelta
16%
48.006 Groningen Het Hogeland
16%
55.927 Drenthe Hoogeveen
16%
27.523 Zeeland Hulst
16%
76.642 Zuid-Holland Leidschendam-Voorburg
16%
31.295 Drenthe Noordenveld
16%
22.909 Zeeland Reimerswaal
16%
34.148 Zeeland Schouwen-Duiveland
16%
23.147 Zeeland Sluis
16%
47.126 Utrecht Soest
16%
31.928 Groningen Stadskanaal
16%
26.425 Zeeland Tholen
16%
34.256 Drenthe Tynaarlo
16%
27.441 Groningen Veendam
16%
21.838 Zeeland Veere
16%
58.889 Utrecht Vijfheerenlanden
16%
50.362 Limburg Weert
16%
25.562 Drenthe Aa en Hunze
13%
25.679 Drenthe Borger-Odoorn
13%
15.903 Friesland Harlingen
13%
33.436 Utrecht IJsselstein
13%
54.846 Overijssel Kampen
13%
13.011 Zeeland Kapelle
13%
66.081 Zuid-Holland Katwijk
13%
64.129 Zuid-Holland Lansingerland
13%
7.984 Limburg Mook en Middelaar
13%
7.673 Zeeland Noord-Beveland
13%
38.528 Groningen Oldambt
13%
25.687 Friesland Ooststellingwerf
13%
29.787 Friesland Opsterland
13%
10.308 Gelderland Scherpenzeel
13%
10.113 Limburg Vaals
13%
46.344 Friesland Waadhoeke
13%
19.844 Drenthe Westerveld
13%
26.280 Friesland Weststellingwerf
13%
9.322 Zuid-Holland Zoeterwoude
13%
27.938 Friesland Achtkarspelen
9%
6.943 Noord-Brabant Baarle-Nassau
9%
13.403 Limburg Beesel
9%
24.061 Overijssel Borne
9%
27.691 Limburg Brunssum
9%
43.506 Utrecht De Bilt
9%
45.026 Utrecht De Ronde Venen
9%
9.460 Utrecht Eemnes
9%
58.885 Noord-Holland Gooise Meren
9%
35.078 Overijssel Hof van Twente
9%
50.301 Utrecht Houten
9%
45.233 Limburg Kerkrade
9%
45.601 Friesland Noardeast-Fryslân
9%
56.596 Noord-Brabant Oosterhout
9%
12.186 Groningen Pekela
9%
38.141 Overijssel Raalte
9%
38.230 Overijssel Rijssen-Holten
9%
10.441 Limburg Simpelveld
9%
44.767 Overijssel Steenwijkerland
9%
33.708 Overijssel Twenterand
9%
50.016 Utrecht Utrechtse Heuvelrug
9%
43.997 Limburg Venray
9%
12.408 Limburg Voerendaal
9%
73.285 Zuid-Holland Voorne aan Zee
9%
26.701 Groningen Westerwolde
9%
13.091 Utrecht Woudenberg
9%
48.299 Gelderland Zutphen
9%
20.129 Zuid-Holland Alblasserdam
6%
15.790 Limburg Beek
6%
35.931 Limburg Beekdaelen
6%
13.085 Limburg Bergen
6%
43.825 Gelderland Berkelland
6%
31.763 Noord-Brabant Bernheze
6%
15.649 Utrecht Bunnik
6%
29.171 Overijssel Dalfsen
6%
56.348 Noord-Holland Den Helder
6%
87.783 Noord-Holland Dijk en Waard
6%
26.595 Overijssel Dinkelland
6%
31.727 Limburg Echt-Susteren
6%
25.855 Limburg Eijsden-Margraten
6%
17.221 Limburg Gennep
6%
51.054 Zuid-Holland Goeree-Overflakkee
6%
14.162 Limburg Gulpen-Wittem
6%
24.278 Overijssel Haaksbergen
6%
48.839 Gelderland Harderwijk
6%
18.510 Zuid-Holland Hardinxveld-Giessendam
6%
35.987 Overijssel Hellendoorn
6%
43.054 Limburg Horst aan de Maas
6%
57.106 Zuid-Holland Krimpenerwaard
6%
37.066 Limburg Landgraaf
6%
27.477 Zuid-Holland Leiderdorp
6%
30.712 Utrecht Leusden
6%
46.988 Gelderland Lingewaard
6%
14.517 Utrecht Lopik
6%
23.106 Overijssel Losser
6%
19.465 Zuid-Holland Midden-Delfland
6%
44.358 Zuid-Holland Noordwijk
6%
31.788 Overijssel Oldenzaal
6%
18.450 Overijssel Ommen
6%
9.664 Noord-Holland Oostzaan
6%
10.178 Utrecht Oudewater
6%
48.274 Gelderland Overbetuwe
6%
56.652 Zuid-Holland Pijnacker-Nootdorp
6%
20.264 Utrecht Rhenen
6%
20.553 Limburg Roerdalen
6%
24.806 Limburg Stein
6%
13.687 Noord-Holland Texel
6%
21.367 Overijssel Tubbergen
6%
31.007 Noord-Holland Uithoorn
6%
16.159 Limburg Valkenburg aan de Geul
6%
49.325 Noord-Brabant Waalwijk
6%
52.010 Gelderland West Betuwe
6%
24.677 Overijssel Wierden
6%
44.689 Gelderland Zevenaar
6%
32.480 Noord-Holland Aalsmeer
3%
27.105 Gelderland Aalten
3%
25.913 Zuid-Holland Albrandswaard
3%
10.442 Noord-Brabant Alphen-Chaam
3%
57.020 Noord-Brabant Altena
3%
17.076 Noord-Brabant Asten
3%
24.870 Utrecht Baarn
3%
48.674 Zuid-Holland Barendrecht
3%
18.877 Noord-Brabant Bergeijk
3%
29.741 Noord-Holland Bergen
3%
34.979 Gelderland Berg en Dal
3%
30.648 Noord-Brabant Best
3%
26.244 Gelderland Beuningen
3%
42.077 Noord-Holland Beverwijk
3%
20.707 Noord-Brabant Bladel
3%
12.391 Noord-Holland Blaricum
3%
23.701 Noord-Holland Bloemendaal
3%
35.765 Zuid-Holland Bodegraven-Reeuwijk
3%
11.053 Noord-Brabant Boekel
3%
33.088 Noord-Brabant Boxtel
3%
36.073 Gelderland Bronckhorst
3%
20.873 Gelderland Brummen
3%
22.321 Utrecht Bunschoten
3%
27.225 Gelderland Buren
3%
36.294 Noord-Holland Castricum
3%
20.671 Noord-Brabant Cranendonck
3%
29.348 Gelderland Culemborg
3%
18.977 Friesland Dantumadeel
3%
33.010 Noord-Brabant Deurne
3%
31.762 Noord-Holland Diemen
3%
11.039 Gelderland Doesburg
3%
26.515 Noord-Brabant Dongen
3%
19.993 Noord-Holland Drechterland
3%
27.537 Noord-Brabant Drimmelen
3%
19.209 Gelderland Druten
3%
24.958 Gelderland Duiven
3%
36.445 Noord-Holland Edam-Volendam
3%
19.843 Noord-Brabant Eersel
3%
23.746 Gelderland Elburg
3%
18.631 Noord-Holland Enkhuizen
3%
33.246 Gelderland Epe
3%
27.270 Gelderland Ermelo
3%
44.124 Noord-Brabant Etten-Leur
3%
21.951 Noord-Brabant Geertruidenberg
3%
40.163 Noord-Brabant Geldrop-Mierlo
3%
31.078 Noord-Brabant Gemert-Bakel
3%
26.509 Noord-Brabant Gilze en Rijen
3%
24.003 Noord-Brabant Goirle
3%
37.635 Zuid-Holland Gorinchem
3%
30.771 Noord-Brabant Halderberge
3%
12.304 Gelderland Hattem
3%
39.143 Noord-Holland Heemskerk
3%
27.563 Noord-Holland Heemstede
3%
19.010 Gelderland Heerde
3%
16.496 Noord-Brabant Heeze-Leende
3%
24.410 Noord-Holland Heiloo
3%
31.720 Zuid-Holland Hendrik-Ido-Ambacht
3%
17.021 Gelderland Heumen
3%
45.559 Noord-Brabant Heusden
3%
22.307 Zuid-Holland Hillegom
3%
15.821 Noord-Brabant Hilvarenbeek
3%
48.731 Noord-Holland Hollands Kroon
3%
40.945 Noord-Holland Huizen
3%
27.931 Zuid-Holland Kaag en Braassem
3%
23.010 Noord-Holland Koggenland
3%
29.425 Zuid-Holland Krimpen aan den IJssel
3%
22.954 Noord-Brabant Laarbeek
3%
11.555 Noord-Holland Landsmeer
3%
11.563 Noord-Holland Laren
3%
35.948 Limburg Leudal
3%
23.000 Zuid-Holland Lisse
3%
34.096 Gelderland Lochem
3%
23.794 Noord-Brabant Loon op Zand
3%
25.531 Gelderland Maasdriel
3%
24.036 Limburg Maasgouw
3%
58.384 Noord-Brabant Maashorst
3%
34.328 Zuid-Holland Maassluis
3%
45.437 Noord-Holland Medemblik
3%
18.556 Limburg Meerssen
3%
37.298 Noord-Brabant Moerdijk
3%
44.660 Zuid-Holland Molenlanden
3%
36.348 Gelderland Montferland
3%
13.817 Utrecht Montfoort
3%
25.061 Gelderland Neder-Betuwe
3%
17.320 Limburg Nederweert
3%
29.297 Zuid-Holland Nieuwkoop
3%
44.360 Gelderland Nijkerk
3%
28.209 Gelderland Nunspeet
3%
25.485 Zuid-Holland Oegstgeest
3%
19.076 Noord-Brabant Oirschot
3%
32.549 Noord-Brabant Oisterwijk
3%
23.933 Gelderland Oldebroek
3%
18.535 Overijssel Olst-Wijhe
3%
29.622 Gelderland Oost Gelre
3%
12.088 Noord-Holland Opmeer
3%
39.365 Gelderland Oude IJsselstreek
3%
14.208 Noord-Holland Ouder-Amstel
3%
32.174 Zuid-Holland Papendrecht
3%
44.381 Limburg Peel en Maas
3%
24.602 Gelderland Putten
3%
31.322 Gelderland Renkum
3%
13.282 Noord-Brabant Reusel-De Mierden
3%
43.476 Gelderland Rheden
3%
47.071 Zuid-Holland Ridderkerk
3%
57.096 Zuid-Holland Rijswijk
3%
23.333 Noord-Brabant Rucphen
3%
46.834 Noord-Holland Schagen
3%
29.703 Noord-Brabant Sint-Michielsgestel
3%
25.926 Zuid-Holland Sliedrecht
3%
19.709 Noord-Brabant Someren
3%
17.773 Noord-Brabant Son en Breugel
3%
17.276 Overijssel Staphorst
3%
21.944 Noord-Holland Stede Broec
3%
24.336 Noord-Brabant Steenbergen
3%
37.941 Zuid-Holland Teylingen
3%
42.291 Gelderland Tiel
3%
32.322 Friesland Tietjerksteradeel
3%
13.556 Noord-Holland Uitgeest
3%
31.251 Noord-Brabant Valkenswaard
3%
45.839 Noord-Brabant Veldhoven
3%
25.569 Zuid-Holland Voorschoten
3%
24.991 Gelderland Voorst
3%
31.828 Noord-Brabant Vught
3%
17.677 Noord-Brabant Waalre
3%
31.382 Zuid-Holland Waddinxveen
3%
39.923 Gelderland Wageningen
3%
27.215 Zuid-Holland Wassenaar
3%
17.308 Noord-Holland Waterland
3%
14.943 Gelderland Westervoort
3%
19.674 Gelderland West Maas en Waal
3%
41.319 Gelderland Wijchen
3%
24.491 Noord-Holland Wijdemeren
3%
23.917 Utrecht Wijk bij Duurstede
3%
29.166 Gelderland Winterswijk
3%
22.097 Noord-Brabant Woensdrecht
3%
16.403 Noord-Holland Wormerland
3%
29.982 Gelderland Zaltbommel
3%
17.142 Noord-Holland Zandvoort
3%
45.835 Zuid-Holland Zuidplas
3%
22.210 Noord-Brabant Zundert
3%
23.042 Overijssel Zwartewaterland
3%
44.741 Zuid-Holland Zwijndrecht
3%
23.814 Noord-Brabant Nuenen, Gerwen en Nederwetten
0%
No matching quizzes found
Score Distribution
Percent of People with Each Score
Percentile by Number Answered
Your Score History
You have not taken this quiz